| 000 | 00871nas a2200289 4500 | ||
|---|---|---|---|
| 001 | BR0802114 | ||
| 003 | BR-BrBNA | ||
| 005 | 20231205111919.0 | ||
| 007 | ta | ||
| 008 | 230509b bl.|||p| |||| 00| 00por d | ||
| 040 |
_aBR-BrBNA _bpor _cBiblioteca Nacional de Agricultura |
||
| 041 | _a(Pt) | ||
| 072 | _aL60 | ||
| 100 | 1 | _aAlmeida, P.S. de | |
| 100 | 1 | _aSantos, H.R. dos | |
| 100 | 1 | _aBarata, J.M.S. | |
| 100 | 1 | _aObara, M.T. | |
| 100 | 1 | _aCeretti Júnior, W.C. | |
| 245 | 1 | _aOcorrência de Panstrongylus guentheri Berg (Hemiptera: Reduviidae)no Mato Grosso do Sul | |
| 650 | _aINSETO | ||
| 650 | _aVETOR | ||
| 650 | _aDOENÇA DE CHAGAS | ||
| 650 | _aMATO GROSSO DO SUL | ||
| 773 | 0 |
_tNeotropical Entomology (Brazil) _xISSN 1519-566X _g(Jan-Feb 2008), v. 37(1) p. 107-108 _wBR0802114 |
|
| 909 |
_a202311 _bLúcia _c55 _dLúcia Elande |
||
| 942 |
_2AGRIS _n0 _cANA |
||
| 999 |
_c195110 _d195110 |
||